000 00579nam a2200217Ia 4500
003 0100
008 130303s9999 xx 000 0 und d
040 _cARRUPELIB
050 _aBS1560.F61 1966
245 4 _aThe books of Amos, Hosea, Micah
260 _aCollegeville, Minnesota
260 _bThe Liturgical Press
260 _C1966
300 _a80p.
300 _b 20cm
440 _aOld Testament Reading Guide no. 15
650 _bConstitutional law--Great Britain
650 _cGreat Britain--Politics
700 _aFlanagan, Neal M. (ed.)
942 _2lcc
_02
999 _c57832
_d57832